| 000 | 00426nab a2200145Ia 4500 | ||
|---|---|---|---|
| 003 | ES-SlBCS | ||
| 005 | 20210601131746.0 | ||
| 008 | 140529s1935 xxu||||| |||| 00| 0 fre d | ||
| 041 | _afre | ||
| 100 | 1 |
_aRops, Daniel _9164296 |
|
| 245 | 0 | 0 |
_aLe souvenir de Ladislas Reymont _c Daniel Rops |
| 600 | 1 | 4 |
_aReymont, Ladislas _9188654 |
| 773 | 0 |
_tVie Intelectuelle (La) _gvol. 39, nº. 2, 1935, págs. 312-328 _wRev907 |
|
| 942 | _cAR | ||
| 999 |
_c568290 _d568290 |
||